| 000 | 00628nam a2200217Ia 4500 | ||
|---|---|---|---|
| 003 | OSt | ||
| 005 | 20230511141504.0 | ||
| 008 | 210423s1973 xx 000 0 und d | ||
| 040 | _cAL | ||
| 041 | _aeng | ||
| 082 |
_a307.1772 _223 _bKAMP |
||
| 100 |
_aKAMBLE (N D) _9103121 |
||
| 245 | _aPoverty within poverty a study of the weaker sections in a decean village | ||
| 260 |
_aKottaym _bAllied Publishers _c1973 |
||
| 300 |
_a134 _bHB |
||
| 365 |
_b35 _cINR |
||
| 650 |
_aCommunities _9103122 |
||
| 650 |
_aSociology _9103123 |
||
| 906 | _adecean ; Poverty ; sections ; study ; village ; weaker ; within | ||
| 942 |
_2ddc _cBK |
||
| 999 |
_c171979 _d171979 |
||